000
00266nam a2200109Ia 4500
008
230822s2007 xx 000 0 und d
041
_a
eng
100
_a
LEHRI M.S.
245
_a
DESIGN IDEAS DEC.1994 VOL.III NO.9
260
_b
LEA AND FEBIGER
_c
2007
300
_a
406
999
_c
861663
_d
861663